Fußball: Älteste deutsche Nationalspieler (seit 2000) - Statistiken

Allgemein
  • Dieses Quiz wurde 427 mal gespielt
    180 seit der letzten Aktualisierung
  • Das Durchschnittsergebnis liegt bei 24 aus 46
Antwortstatistiken
Jahr Alter Team Spieler % Korrekt
2024 38 Jahre Bayern Manuel Neuer
98%
2024 34 Jahre Bayern Thomas Müller
92%
2014 36 Jahre Lazio Rom Miro Klose
91%
2024 34 Jahre Real Madrid Toni Kroos
91%
2016 32 Jahre Man United Bastian Schweinsteiger
87%
2006 37 Jahre Bayern Oliver Kahn
83%
2000 39 Jahre MetroStars Lothar Matthäus
82%
2023 34 Jahre Dortmund Mats Hummels
82%
2008 38 Jahre Arsenal Jens Lehmann
80%
2010 33 Jahre Chelsea Michael Ballack
78%
2025 32 Jahre Real Madrid Antonio Rüdiger
74%
2025 34 Jahre Hoffenheim Oliver Baumann
74%
2018 31 Jahre Juventus Sami Khedira
72%
2024 33 Jahre Barcelona Ilkay Gündogan
71%
2017 31 Jahre Galatasaray Lukas Podolski
70%
2021 32 Jahre Dortmund Marco Reus
70%
2024 31 Jahre West Ham Niclas Füllkrug
69%
2018 32 Jahre Stuttgart Mario Gómez
68%
2015 34 Jahre Dortmund Roman Weidenfeller
63%
2025 33 Jahre Dortmund Pascal Groß
59%
2023 33 Jahre Frankfurt Kevin Trapp
58%
2005 31 Jahre Liverpool Didi Hamann
50%
2008 35 Jahre Gladbach Oliver Neuville
49%
2010 36 Jahre Bayern Hans Jörg Butt
48%
2008 34 Jahre Leverkusen Bernd Schneider
47%
2009 32 Jahre Bremen Torsten Frings
47%
2002 33 Jahre 1860 Martin Max
45%
2000 34 Jahre Leverkusen Ulf Kirsten
43%
2002 31 Jahre Bayern Mehmet Scholl
41%
2011 32 Jahre Wolfsburg Arne Friedrich
39%
2023 32 Jahre Union Kevin Behrens
38%
2009 31 Jahre Hannover Robert Enke
38%
2006 32 Jahre Leverkusen Jens Nowotny
34%
2005 33 Jahre Dortmund Christian Wörns
32%
2002 34 Jahre Monaco Oliver Bierhoff
32%
2004 32 Jahre Tottenham Christian Ziege
30%
2023 31 Jahre Leverkusen Jonas Hofmann
29%
2000 32 Jahre Hertha Michael Preetz
29%
2012 31 Jahre Stuttgart Cacau
27%
2002 32 Jahre Bremen Marco Bode
27%
2000 34 Jahre 1860 Thomas Häßler
26%
2004 34 Jahre Bayern Thomas Linke
25%
2004 32 Jahre Hertha Fredi Bobic
21%
2003 31 Jahre Hertha Marko Rehmer
14%
2000 31 Jahre Hertha Dariusz Wosz
11%
2002 32 Jahre Dortmund Jörg Heinrich
11%
Keine übereinstimmenden Quizze gefunden
Verteilung der Resultate
Anzahl Personen mit jedem Resultat
Perzentil nach korrekt beantworteten Fragen
Ihre Resultats-Entwicklung
Sie haben dieses Quiz seit der letzten Aktualisierung nicht gespielt